Line, Long, Love, Naked and Walk - are all words in the answers. - Statistics

General Stats
  • This quiz has been taken 16 times
  • The average score is 4 of 18
Answer Stats
Hint Answer % Correct
1956 Nelson Algren novel. 1962 Lawrence Harvey film adaptation. 1972 Lou Reed song. A Walk on the Wild Side
67%
The Kingfish. Louisiana governor. Assassinated. Huey Long
56%
William S. Burroughs 1959 novel. Unclothed. Midday repast. Naked Lunch
56%
1956 Johnny Cash song. 1970 Gregory Peck film. I Walk the Line
33%
Where the bullets and shells really fly. Frontline
22%
1984 Foreigner demand to know its purpose and demand a physical demonstration. I Want to Know What Love Is
22%
1979 Charles Bronson/Jill Ireland crime film. Rod Steiger does his usual over-acting. Love and Bullets
22%
1948 Norman Mailer WWII novel. Filmed in 1958. The Naked and the Dead
22%
Hieroglyphs. Wrist ornaments. Pedestrians. Walk Like an Egyptian
22%
1954 Erich Maria Remarque WWII novel. 1958 film adaptation with John Gavin. A Time to Love and a Time to Die
11%
An unexpectedly easy achievement. Cakewalk
11%
Confederate general who commanded the First Corps at Gettysburg. James Longstreet
11%
1979 comedy/horror about a vampire. George Hamilton. Love At First Bite
11%
1954 film. Charlton Heston. Army ants. Naked Jungle
11%
1961 WWII film. Laurence Harvey. Richard Harris. Angry, frightened and bickering Brit patrol with a Japanese prisoner. The Long and the Short and the Tall
11%
1980 Brit crime film. Cockney gangster and his crew bite off more than they can chew when they mess with some lads from the land of potato stew. The Long, Good Friday
11%
1957 Isaac Asimov novel. Sci-fi. Solaria. Robots, robots, robots.There are also some robots featured. The Naked Sun
11%
1962 James Jones WWII novel. Film adaptations 1964 and 1998. The Thin, Red Line
11%
No matching quizzes found
Score Distribution
Percent of People with Each Score
Percentile by Number Answered
Your Score History
You have not taken this quiz